000 00494nam a2200169 i 4500
001 134761
003 ES-MaACL
005 20230906194735.0
007 t|
008 070913s1968 sp ||||1| spa d
100 1 _aWeiss, Henri.
_9116399
245 1 3 _aEl petroleo /
_cHenri Weiss ; traducción de Juan Godo.
260 _aBarcelona :
_bMartínez Roca,
_c1968.
300 _a190 p., 4 lám. :
_bil. ;
_c18 cm.
700 1 _aGodo Costa, Juan.
_957532
852 _aES-MaACL
_jC-36311
_bR.67749
999 _c134761
_d134761